000 01038cab a22002175a 4500
001 L137148
008 070316e2007 xxk 000 0 eng d
035 _a(Sirsi) u137148
041 _aeng
100 1 _aWalker, David
245 0 0 _aEnvironmental management systems
_binformation management and corporate responsibility
260 _c2007
490 0 _aJournal of Facilities Management
_v5(1) 2007, 49-61(13)
520 _aDiscusses how environmental systems help achieve overall sustainability within organizations through reducing the ecological impacts of economic activities and through improving corporate environmental care. Discusses the evolution of environmental management systems from a legal obligation to a driver for commercial advantage, and discusses the role facilities management can play in organizations.
590 _aKA
651 4 _aUnited Kingdom
_y
690 _aENVIRONMENTAL AND LAND CONSULTANCY-ENVIRONMENTAL MANAGEMENT
700 1 _aPitt, Michael
_cSir
700 1 _aThakur, Urmila Jha
942 _n0
999 _c78559
_d78559